000 00394nam a2200145Ia 4500
008 210210b1996 xxu||||| |||| 00| 0 eng d
082 _a510.1 RAUK
100 _aRAUL (Sachindra).
245 _aKant's philosophy of mathematics.
260 _aMeerut
_bAnu books
_c1996
300 _a72
650 _aMathematics Maths Kant's philosophy mathematics
690 _aMathematics
906 _a051548
999 _c100053
_d100053